| 000 | 00423nam a2200145Ia 4500 | ||
|---|---|---|---|
| 008 | 220204s9999 xx 000 0 und d | ||
| 082 |
_a581.331.2(540) _bNAI.1 |
||
| 100 | _aNAIR, P K K | ||
| 245 | 0 | _aPollen grains of Indian plants. 1. | |
| 260 |
_aLucknow _bNational Botanic gardens _c1961 |
||
| 490 | _aBulletin of the National botanic gardens; 53 | ||
| 650 | _aBasellaceae pollen | ||
| 650 | _aCaricaceae | ||
| 942 | _cBK | ||
| 999 |
_c20718 _d20718 |
||